| 000 | 00577cam a2200205 4500 | ||
|---|---|---|---|
| 001 | M98362 | ||
| 008 | 090401t1998 xxu||||| |||| 00| 0 eng d | ||
| 035 | _a(Sirsi) u93077 | ||
| 041 | _aeng | ||
| 050 | _a692.5 | ||
| 110 |
_aBuilding Cost Information Service _91096 |
||
| 245 | _aCost trends 1998 [wall chart]. | ||
| 260 |
_aLondon _bBuilding Cost Information Service _c1998 |
||
| 300 | _a1 folded sheet ; 50x65cm. | ||
| 350 | _a10 | ||
| 690 | _aBUILT ENVIRONMENT-BUILDING COSTS | ||
| 710 |
_aBuilding Maintenance Information _93229 |
||
| 942 | _n0 | ||
| 948 | _c30/04/1999 | ||
| 999 |
_c97809 _d97809 |
||